Представление документа в формате MARC21

Поле Инд. ПП Название Значение
Тип записи a
Библиографический уровень m
001 Контрольный номер f720d69f6595477bb142bb2bc478d328
005 Дата корректировки 20260213143645.0
008 Кодируемые данные 20130228
020 a ISBN I853260207
040 b Код языка каталог. rus
041 0_ a Код языка текста eng
084 a Индекс другой классификации/Индекс ББК 84(4Вел)52-44; 81.432.1-95
090 a Полочн. индекс 84(4Вел)52-44
x Авторский знак B 87
100 1_ a Автор Bronte Ch.
q Полное имя Bronte Charlotte
u Дополнение к имени Бронте Ш.
245 10 a Заглавие Jane Eyre
b Продолж. заглавия роман
c Ответственность Introduction fnd Notes by DR Sally Minodue; введение и заметки доктора Салли Минодью
246 01 a Другая форма заглавия Джейн Эйр
260 a Место издания London
b Издательство Wordsworth Classics
c Дата издания 1999
300 a Объем 412 с.
336 a Термин вида содержания Текст
337 a Термин типа средства непосредственный
440 _0 a Серия English Fiction Collection
500 a Примечание На английском языке
650 04 a Основная рубрика английский язык
a Основная рубрика филологические науки
a Основная рубрика художественная литература
a Основная рубрика частное языкознание
a Основная рубрика языкознание
653 0_ a Ключевые слова XIX век
a Ключевые слова английская литература
a Ключевые слова Великобритания
655 a Жанр/ форма (устаревшее) проза
a Жанр/ форма (устаревшее) роман
a Жанр/ форма (устаревшее) книга для чтения
787 18 w Контрольный номер связываемой записи RU/IS/BASE/350391137
w Контрольный номер связываемой записи RU/IS/BASE/438785434
901 t Тип документа m
952 a Тип литературы для КСУ ВШ ЛХИ
a Тип литературы для КСУ ВШ УИ